Music Quiz

Random Music or Kpop Quiz
Score 0/96 Timer 20:00
0 Plays Today
song Answer % Correct
cypher 4BTS
98.8%
the truth untoldBTS
98.8%
bad boyred velvet
95.3%
serendipity bts
95.3%
tempoexo
95.3%
whistleblack pink
95.3%
mirohstray kids
95.3%
blood sweat and tearsbts
95.3%
boombayahblack pink
95.3%
dalla dallaitzy
95.3%
dopebts
95.3%
mic dropbts
95.3%
love shotexo
95.3%
psychored velvet
95.3%
not todaybts
95.3%
kokobopexo
94.1%
overdoseexo
94.1%
russian roulettered velvet
94.1%
district 9stray kids
94.1%
Call me babyexo
94.1%
monsterexo
94.1%
spring daybts
94.1%
runbts
94.1%
agust dagust d
94.1%
chicken noodle soupjhope and becky g
94.1%
love scenarioikon
94.1%
intro: personabts
94.1%
gogobebemamamoo
94.1%
red flavourred velvet
94.1%
cypher pt 3bts
94.1%
My pacestray kids
92.9%
bon bon chocolateverglow
92.9%
song Answer % Correct
black swanBTS
92.9%
ONbts
92.9%
peekaboored velvet
92.9%
black dressclc
92.9%
twithwasa
92.9%
regularnct 127
91.8%
the 7th sensenct u
91.8%
heroinesunmi
91.8%
superhumannct 127
90.6%
gotta gochungha
89.4%
shoot meday6
89.4%
hello bitchescl
89.4%
instagramdean
88.2%
so whatloona
88.2%
any songzico
87.1%
house of cardsBTS
87.1%
devilclc
87.1%
hate 4minute
87.1%
UN villagesBaekhyun
85.9%
under covera.c.e
85.9%
fearseventeen
85.9%
kick itblack pink
84.7%
movie starCIX
83.5%
crazy4minute
83.5%
deja vudreamcatcher
82.4%
autumn leavesBTS
82.4%
BREATHEab6ix
81.2%
ma citybts
81.2%
TOUCHnct 127
78.8%
HOMEBTS
76.5%
don't need your loveHRVY and nct dream
76.5%
get itpristin v
76.5%
song Answer % Correct
love talkwayv
75.3%
liebts
71.8%
intro:what am i to youbts
71.8%
yestodaynct u
71.8%
supercarsuperm
71.8%
awkward silence stray kids
70.6%
uh oh(g)-idle
70.6%
baby don't like itnct 127
68.2%
FACEwoosung
67.1%
egotisticalmamamoo
65.9%
moon childrm
63.5%
my timebts
63.5%
beautiful goodbyechen
52.9%
Insomniastray kids
50.6%
good to me seventeen
47.1%
oomm3ye
47.1%
winter floweryounha and rm
43.5%
pandoras boxnct 127
40%
SSFWchanyeol
38.8%
everythinggoesRM
35.3%
uhgoodrm
35.3%
bad habits shaun
31.8%
Bye my first...nct dream
31.8%
broken compass3racha
30.6%
love song nct 127
27.1%
end to startnct 127
27.1%
the last agust d
25.9%
foolnct 127
24.7%
ROCK ROCKstray kids
23.5%
day dreamnct 127
22.4%
up to youprettymuch
21.2%
9.4%
Remove Ads.
Support Sporcle.
Get the best of Sporcle when you Go Orange. This ad-free experience offers more features, more stats, and more fun while also helping to support Sporcle. Thank you for becoming a member.

You're not logged in!

Compare scores with friends on all Sporcle quizzes.
OR
Log In

Sporcle TV

Today on Sporcle TV


Watch our educational content, quiz creation guides, and fun videos on Sporcle TV.

Show Comments

Extras

Created May 10, 2020ReportNominate
Tags:Kpop Quiz

Top Quizzes Today


Score Distribution

Paid Content

Your Account Isn't Verified!

In order to create a playlist on Sporcle, you need to verify the email address you used during registration. Go to your Sporcle Settings to finish the process.

Report this User

Report this user for behavior that violates our Community Guidelines.

Details: